The dictionary of criminal justice / (Record no. 3915)

MARC details
000 -LEADER
fixed length control field 01100cam a2200181 a 4500
020 ## - INTERNATIONAL STANDARD BOOK NUMBER
ISBN 0072951125
020 ## - INTERNATIONAL STANDARD BOOK NUMBER
ISBN 9780072951127
050 ## - CALL NUMBER
Classification number HV7411
Item number .R87
100 ## - AUTHOR
Personal name George E Rush
245 ## - TITLE
Title The dictionary of criminal justice /
Statement of responsibility, etc George E. Rush ; with summaries of Supreme Court cases affecting criminal justice [by] Judy Hails.
250 ## - EDITION
Edition statement 6th ed.
260 ## - PUBLICATION INFORMATION
Place of publication [Guilford, Conn.] :
Name of publisher Dushkin/McGraw-Hill,
Year of publication 2003.
300 ## - DESCRIPTION
Number of Pages 478 pages :
Other physical details ill ;
Dimensions 24 cm.
500 ## - NOTES
General note Includes index.
505 ## - FORMATTED CONTENTS NOTE
Table of Content pt. I. The Dictionary of Criminal Justice. --<br/>pt. II. Summaries of Supreme Court cases affecting criminal justice. First Amendment issues ; Fourth Amendment issues ; Identification procedures ; Fifth Amendment issues ; Sixth Amendment issues ; Eighth Amendment issues ; Due process issues ; Equal protection issues ; Rights of the incarcerated ; Juvenile court proceedings ; Use of illegally obtained evidence ; Civil Rights Act and constitutional torts ; Habeas corpus in federal courts ; Other constitutional issues.
650 ## - SUBJECTS
Topical Term Criminal justice, Administration of
942 ## - ADDED ENTRY ELEMENTS (KOHA)
Koha item type Books
Holdings
Withdrawn status Lost status Home library Current library Shelving location Date acquired Full call number Accession Number Koha item type
    Methodist University Library Tema Methodist University Library Tema General Stacks 07/11/2011 HV7411 .R87 34303 Books
    Methodist University Library Tema Methodist University Library Tema General Stacks 07/11/2011 HV7411 .R87 34304 Books
Copyright © 2026  MUG Library